000
00289nam a2200097Ia 4500
082
_a
658.4092 KETS
245
0
_a
Reflections on character and leadership
100
_a
KETS DE VRIES, Manfred F R. Chichester, 2009
_9
70198
942
_c
BK
008
210817s9999 xx 000 0 und d
999
_c
227248
_d
227245